000 00525ntaaa2200193 4500
003 01
005 20251027202424.0
008 0714s1973 ag 01
040 _aAR-BaBN
_bspa
_cAR-BaBN
_eaacr
_dRIC
082 _a289.5000 W78
100 _aWittmer, George W.
_923067
245 _aChristian Science in the light of the Bible
250 _a1 ed.
260 _aSaint Louis :
_bConcordia Publishing House,
_cc1949
300 _a58 p
500 _aEstudio de la Ciencia Cristiana
650 _aCiencia Cristiana
942 _cBK
999 _c19156
_d19156